000 00881nam a2200205 a 4500
003 AM-YeHGA
040 _aAM-YeHGA
090 _c197655
005 20250618072852.0
008 070329s1936 ua r 000 0 arm d
041 0 _aarm
245 0 0 _aՈւսման ծրագիր գաղթական համայնքներու յատուկ նախակրթարաններու /
_cՀայկ. բարեգործ. ընդհ. մ-թիւն.
260 _aԳահիրէ :
_bտպ. Սահակ-Մեսրոպ,
_c1936.
300 _a42 էջ :
_bաղս.
650 1 4 _aԿրթություն
650 1 4 _aԳաղթական համայնքներ
_vՈւսումնական ծրագիր
710 2 _aՀայկական բարեգործական ընդհանուր միութիւն
_94893
856 4 _uhttps://arar.sci.am/dlibra/publication/293655/edition/269594/content
_yԿարդալ առցանց
942 _2udc
_cBK
999 _c196176
_d196176